Catarsis : (Record no. 98313)

MARC details
000 -LEADER
fixed length control field 00965nam a22002657a 4500
005 - DATE AND TIME OF LATEST TRANSACTION
control field 20150817105122.0
008 - FIXED-LENGTH DATA ELEMENTS--GENERAL INFORMATION
fixed length control field 150817b sp||||| |||| 00| 0 spa d
020 ## - INTERNATIONAL STANDARD BOOK NUMBER
International Standard Book Number 9788492649327
050 04 - LIBRARY OF CONGRESS CALL NUMBER
Classification number R723
Item number S93 2010
100 1# - MAIN ENTRY--PERSONAL NAME
Personal name Azczeklik, Andrzej
245 10 - TITLE STATEMENT
Title Catarsis :
Remainder of title sobre el poder curativo de la naturaleza y del arte /
Statement of responsibility, etc Andrzej Szczeklik ; Prólogo de Czeslaw Milosz ; Traducción del Polaco de J. Slawomirski y A. Rubio
250 ## - EDITION STATEMENT
Edition statement 1a ed.
260 ## - PUBLICATION, DISTRIBUTION, ETC. (IMPRINT)
Place of publication, distribution, etc Barcelona :
Name of publisher, distributor, etc Acantilado,
Date of publication, distribution, etc 2010
300 ## - PHYSICAL DESCRIPTION
Extent 207 p. :
Other physical details il. ;
Dimensions 21 cm
440 #0 - SERIES STATEMENT/ADDED ENTRY--TITLE
Title Acantilado ;
Volume number/sequential designation 196
500 ## - GENERAL NOTE
General note Traducción de : Katharsis : O uzdrowicielskiej mocy natury i sztuki
504 ## - BIBLIOGRAPHY, ETC. NOTE
Bibliography, etc Incluye referencias bibliograficas e índice
650 #4 - SUBJECT ADDED ENTRY--TOPICAL TERM
Topical term or geographic name as entry element Medicina
General subdivision Filosofía
650 #4 - SUBJECT ADDED ENTRY--TOPICAL TERM
Topical term or geographic name as entry element Catarsis (Psicoanalisis)
650 #4 - SUBJECT ADDED ENTRY--TOPICAL TERM
Topical term or geographic name as entry element Medicina
General subdivision Historia
700 1# - ADDED ENTRY--PERSONAL NAME
Personal name Milosz, Czeslaw,
Fuller form of name Prolog
700 1# - ADDED ENTRY--PERSONAL NAME
Personal name Slawomirski, Jerzy,
Fuller form of name tr.
700 1# - ADDED ENTRY--PERSONAL NAME
Personal name Rubio, A.
Fuller form of name tr.
942 ## - ADDED ENTRY ELEMENTS (KOHA)
Source of classification or shelving scheme Biblioteca del Cogreso de los Estados Unidos
Koha item type Libro
Holdings
Estado de pérdida Fuente de clasificación Estado del daño No para préstamo Ubicación permanente Ubicación actual Apartado o colección Fecha de adquisición Edición Enumeración de Serie / Cronológica Área del conocimiento Clasificación Código de Barras Date last seen Número de copia Tipo de recurso Nota pública
  Biblioteca del Cogreso de los Estados Unidos     Biblioteca de la Facultad de Letras Biblioteca de la Facultad de Letras General 17/08/2015 1a ed. LLH000006733 Educación y Humanidades R723 S93 2010 LLH000006733 17/08/2015 C:1 Libro General